000 00446nam a22001577a 4500
005 20251108171733.0
008 250721s1991 xx 000 0 ara d
082 1 4 _a658/مبا
100 1 _aسعيد، عمر
245 1 0 _aمبادئ الإدارة الحديثة /
264 1 _aعمان :
_bمكتبة دار الثقافة،
_c1991.
300 _a160ص
650 1 7 _aالإدارة و التنظيم
942 _2ddc
_cBK
999 _c61204
_d61204